00657nam a22001937a 450000500170000001000140001702000250003103500130005603700130006908200110008210000220009324500760011526000520019127000230024330000210026694200250028799900170031295201340032920100812113537.0 aENG-99988 a9789350011379c70.00 aEN-83520 bDBAD/PUB a882.08 aRamesh, N.911530 aThe love theme in Shakespeare's midsummer night's dream /cby N. Ramesh aPerambalurbMercury Printers & Publishersc2008 bPerambalure621212 a69p.c21cm (pbk) 2ddccENh882.08mRAM c41248d41248 001040718NFICaDBADbDBADd2010-08-12eDBAD/PUBg70.00l0o882.08 RAMpEN-83520r2010-08-12 00:00:00t1v70.00w2010-08-12yEN